| 000 | 00406nam a2200145Ia 4500 | ||
|---|---|---|---|
| 008 | 230312s9999||||xx |||||||||||||| ||und|| | ||
| 020 | _a9780071081719 | ||
| 082 |
_a005.1 _bSCH-O |
||
| 100 | _aAndrews,Jean | ||
| 245 | 0 | _aA+ Guide To Software Managing,Maintaining,And Troubleshooting | |
| 260 |
_bMcgraw Hill _aSingapore _c2007 |
||
| 300 | _a667 | ||
| 650 |
_aComputer _vSoftware Engineeering |
||
| 942 | _cBK | ||
| 999 |
_c17086 _d17086 |
||